Normal view
MARC view
- Healthcare Biotechnology
Entry Uniform Title
001 - CONTROL NUMBER
- control field: 12972
003 - CONTROL NUMBER IDENTIFIER
- control field: NUST
005 - DATE AND TIME OF LATEST TRANSACTION
- control field: 20190104070627.0
008 - FIXED-LENGTH DATA ELEMENTS
- fixed length control field: 190104|| aca||aabn | a|a d
040 ## - CATALOGING SOURCE
- Original cataloging agency: NUST
- Transcribing agency: NUST
130 ## - HEADING--UNIFORM TITLE
- Uniform title: Healthcare Biotechnology
670 ## - SOURCE DATA FOUND
- Source citation: Work cat.: (NUST): Muhammad Sohail Afzal-sup-Dr. Najam us Sahar Sadaf Zaidi 12970, TH-PHD-Core Protein Differential expression/Stability during HCV infection and its role in viral life cycle regulation, 2014
